Statistics for Immigrants in US Metro Areas - Lesser Antilles Edition

Click here to take the quiz!

General Stats

  • This quiz has been taken 16 times
  • The average score is 13 of 27

Answer Stats

Antillean Immigrant PopulationStateMetro Area% Correct
0.26%MABoston
85%
0.52%FLMiami-Fort Lauderdale
85%
1.01%NYNew York
85%
0.16%PAPhiladelphia
85%
0.26%Washington, DC
85%
0.18%GAAtlanta
77%
0.27%MDBaltimore
77%
0.51%FLOrlando
77%
0.25%FLTampa-St Petersburg
77%
0.22%DEDover
69%
0.18%CTHartford
62%
0.17%CTBridgeport
54%
0.21%FLGainesville
46%
0.22%MASpringfield
46%
0.37%NJTrenton
46%
0.30%FLPort St Lucie
38%
0.28%FLFort Myers-Cape Coral
31%
0.30%FLMelbourne-Titusville-Palm Bay
31%
0.36%FLOcala
31%
0.16%WAWalla Walla
23%
0.68%PAEast Stroudsburg
15%
0.17%NCFayetteville
15%
0.30%FLHomosassa Springs
15%
0.32%FLPunta Gorda
15%
0.17%FLSebring-Avon Park
15%
0.20%FLVero Beach-Sebastian
15%
0.18%TXWichita Falls
15%

Score Distribution

Percentile by Number Answered

Percent of People with Each Score

Your Score History

You have not taken this quiz